00279nam a22000977a 4500082002700000100002000027245005100047260002500098300002100123526003700144 a721.2bFITcL-14, P-61 aFitzmaurice, R. aPrinciples of Modern BuildingcFitzmaurice, R. aLondonbCrowncc1949 ap 420billc22cm a0b0c0d721_200000000000000_FIT